Rozvoj a možnosti nového e-learningu bakalárska práca

Guardado en:
Detalles Bibliográficos
Autor principal: Brindzák, Michal
Autor Corporativo: Fakulta hospodárskej informatiky EU. Katedra aplikovanej informatiky
Otros Autores: Szivósová, Mária, 1958-
Formato: Libro
Lenguaje:eslovaco
Publicado: Bratislava 2017
Etiquetas: Agregar Etiqueta
Sin Etiquetas, Sea el primero en etiquetar este registro!

MARC

LEADER 00000nbm a2200000 4500
001 0233081
005 20180413144806.1
041 0 |a slo 
044 |a SK 
245 1 0 |a Rozvoj a možnosti nového e-learningu  |b bakalárska práca  |c Michal Brindzák ; školiteľ: Mária Szivósová 
264 1 |a Bratislava  |c 2017 
300 |a 53 s. 
100 1 |a Brindzák, Michal 
700 1 |a Szivósová, Mária, 1958- 
710 2 |a Fakulta hospodárskej informatiky EU. Katedra aplikovanej informatiky